Agora e na hora da nossa sorte (Record no. 2011)
[ view plain ]
| 000 -Etiqueta do registo | |
|---|---|
| Valores | 00640nam a2200241 4500 |
| 010 ## - Número ISBN | |
| ISBN | 9789895813681 |
| 021 ## - Número do Depósito Legal | |
| Código do país | Portugal |
| Número | 541553/24 |
| 100 ## - Dados gerais de processamento | |
| Dados gerais | 20251126d2025 m||y0pory50030103ba |
| 101 ## - Língua de publicação | |
| Língua | Português |
| 102 ## - País de publicação | |
| País | Portugal |
| 200 ## - Titulo e menção de responsabilidade | |
| Título próprio | Agora e na hora da nossa sorte |
| Primeira menção de responsabilidade | Francisco Moita Flores |
| 205 ## - Menção da edição | |
| Edição | 1ª edição |
| 210 ## - Publicação | |
| Local de publicação | Alfragide |
| Nome do editor | Casa das Letras |
| Data de publicação | 2025 |
| 215 ## - Descrição física | |
| Paginação / Volumes | 290 p. |
| Dimensões | 24 cm |
| 300 ## - Notas gerais | |
| Texto da nota | BMB-Registado |
| 606 ## - Nome comum usado como assunto | |
| ID Autoridade | 776 |
| Palavra de ordem | Literatura Portuguesa |
| 606 ## - Nome comum usado como assunto | |
| ID Autoridade | 779 |
| Palavra de ordem | Romance |
| 675 ## - CDU | |
| Notação | 821.134.3-31 |
| Edição | BMB |
| Língua | por |
| 700 ## - Autor principal (pessoa individual) | |
| Apelido | Flores |
| Nome | Francisco Moita |
| Datas | 1953- |
| ID Autoridade | 962 |
| 801 ## - Fonte de origem | |
| País | PT |
| Agência | BMB |
| Regras de catalogação | RPC |
| 990 ## - Elementos KOHA | |
| Tipo de documento | Livro |
| Situação do levantamento | Estado | Número | Biblioteca de origem | Código de barras | Cota | Permissão de empréstimo | Tipo de documento | Forma de aquisição |
|---|---|---|---|---|---|---|---|---|
| 1 | Biblioteca Municipal de Borba | 1961 | 821.134.3-31 FLO / AGO | Livro | Compra |